000 00359nam a2200145Ia 4500
008 230917s9999||||xx |||||||||||||| ||und||
040 _e60469
_aMAIN
041 _aEnglish
082 _a372.25 R188E
100 _aRatho, T N
245 0 _aEmerging trends in teaching of zoology
260 _aNew Delhi
_bKanishka
_c1996
300 _avi, 336 p.
942 _cBK
999 _c95326
_d95326